Capitals in Random Squares of the World Map - Statistics

General Stats
  • This quiz has been taken 75,846 times
  • The average score is 11 of 15
Answers on the Map
Answers color-coded by a green-red scale on the quiz's map according to % correct below.
 
Answer Stats
Box % Correct
Lisbon / Madrid / Andorra la Vella / Paris / Luxembourg / Brussels / Bern / Vaduz / Monaco
99%
Dublin / London / Amsterdam / Oslo
98%
Mexico City / Guatemala City / San Salvador
98%
Rome / Vatican / San Marino / Athens / Belgrade / Bratislava / Vienna / Ljubljana / Chișinău / Kyiv / Bucharest / Skopje / Podgorica / Pristina / Budapest / Prague / Zagreb / Sofia / Sarajevo / Tirana
98%
Stockholm / Helsinki / Tallinn / Riga / Vilnius / Minsk / Warsaw / Berlin / Copenhagen
97%
Washington, DC / Ottawa
97%
Moscow
94%
Tokyo
94%
Beijing / Pyongyang / Seoul
93%
Islamabad / New Delhi / Kathmandu / Thimphu
93%
Nicosia / Cairo / Beirut / Jerusalem / Amman / Damascus / Baghdad / Kuwait City / Riyadh / Manama
93%
San Salvador / Belmopan / Tegucigalpa / Managua / Kingston / Havana / Port-au-Prince / Santo Domingo
93%
San José / Panama City / Bogotá / Quito
91%
Hanoi / Vientiane / Bangkok / Naypyidaw / Phnom Penh
90%
Lima
90%
Rabat / Tunis / Algiers
90%
Buenos Aires / Montevideo
89%
Canberra
89%
Kyiv / Ankara / Tbilisi / Yerevan / Baku
89%
Brasília
88%
Singapore / Kuala Lumpur
88%
Cape Town / Maseru
87%
Santiago
87%
Reykjavik
86%
Manila
85%
Taipei / Seoul
85%
Tehran / Doha / Abu Dhabi / Kabul
84%
Addis Ababa / Nairobi / Juba / Mogadishu / Kampala
83%
Wellington
83%
Jakarta
82%
Caracas / Georgetown / Paramaribo / Port-of-Spain
81%
La Paz / Sucre / Asunción
80%
Reykjavik
80%
Ulaanbaatar
80%
Valletta / Tripoli
80%
Sana'a / Djibouti / Asmara / Khartoum
77%
Yamoussoukro / Accra / Porto-Novo / Cotonou / Lomé / Libreville / São Tomé / Ciudad de la Paz / Abuja
77%
Windhoek / Pretoria / Bloemfontein / Maseru / Mbabane / Gaborone / Harare
76%
Kinshasa / Brazzaville / Luanda / Gitega / Lusaka
74%
Abu Dhabi / Muscat
73%
Dhaka
73%
Praia / Banjul / Nouakchott / Bissau / Dakar
73%
Caracas / Kingstown / Castries / Basseterre / Saint George's / Roseau / Bridgetown / Saint John's
68%
Nassau
67%
Sri Jayawardenepura Kotte / Malé
67%
Harare / Mbabane / Maputo / Antananarivo
65%
Dushanbe / Ashgabat / Tashkent
64%
Conakry / Monrovia / Freetown
63%
Astana / Bishkek
62%
Niamey / Bamako / Ouagadougou
61%
Port Moresby
59%
Dili
54%
Dodoma / Lilongwe / Moroni
52%
Kigali / Bangui / Yaoundé
52%
N'Djamena
50%
Bandar Seri Begawan
48%
Nuku'alofa / Suva
45%
Victoria
44%
Port Louis
42%
Funafuti / Apia
40%
Yaren / Palikir
36%
Honiara
33%
South Tarawa / Majuro
33%
Ngerulmud
32%
Port Vila
32%
No matching quizzes found
Score Distribution
Percent of People with Each Score
Percentile by Number Answered
Your Score History
You have not taken this quiz